Abortion under attack : (Record no. 14616)

000 -LEADER
fixed length control field 00655cam a2200217 a 4500
020 ## - INTERNATIONAL STANDARD BOOK NUMBER
ISBN 1580051855
020 ## - INTERNATIONAL STANDARD BOOK NUMBER
ISBN 9781580051859
020 ## - INTERNATIONAL STANDARD BOOK NUMBER
ISBN 9781580051859
040 ## - CATALOGING SOURCE
Transcribing agency DLC
082 00 - DEWEY DECIMAL CLASSIFICATION NUMBER
Classification number 363 SEA 2006 A069 Or.
245 00 - TITLE STATEMENT
Title Abortion under attack :
Remainder of title women on the challenges facing choice /
260 ## - PUBLICATION, DISTRIBUTION, ETC. (IMPRINT)
Place of publication Emeryville, CA :
Name of publisher Seal Press,
Year of publication c2006.
300 ## - PHYSICAL DESCRIPTION
Number of Pages 264 p. ;
Dimensions 21 cm.
650 #0 - SUBJECT ADDED ENTRY--TOPICAL TERM
Topical Term Abortion
650 #0 - SUBJECT ADDED ENTRY--TOPICAL TERM
Topical Term Abortion
650 #0 - SUBJECT ADDED ENTRY--TOPICAL TERM
Topical Term Pro-choice movement
700 1# - ADDED ENTRY--PERSONAL NAME
Personal name Jacob, Krista.
856 41 - ELECTRONIC LOCATION AND ACCESS
Uniform Resource Identifier http://www.loc.gov/catdir/toc/ecip0617/2006021113.html
856 42 - ELECTRONIC LOCATION AND ACCESS
Uniform Resource Identifier http://www.loc.gov/catdir/enhancements/fy0712/2006021113-d.html
942 ## - ADDED ENTRY ELEMENTS (KOHA)
Koha item type សៀវភៅភាសាអង់គ្លេស
952 ## - LOCATION AND ITEM INFORMATION (KOHA)
Withdrawn status [LOCAL, KOHA] 0
Holdings
Permanent Location Date acquired Koha item type Lost status Shelving location Barcode Current Location Full call number
Library Block A2017-10-20សៀវភៅភាសាអង់គ្លេស A069A06643Library Block A363 SEA 2006 A069 Or.
មជ្ឈមណ្ឌលឯការនៃសាកលវិទ្យាល័យភូមិន្ទកសិកម្មចំការដូង

Powered by Koha